[Event "Ì11Ï"]
[Site "Loo"]
[Date "2017.04.26"]
[Round "7.96"]
[White "Çåëåíîâ, Òèìîôåé."]
[Black "Ãàíèåâ, Ðàõìàíæîí."]
[Result "0-1"]
[WhiteElo "1189"]
[BlackElo "1188"]
[PlyCount "102"]
[EventDate "2017.04.20"]

1. e4 c5 2. Nf3 d6 3. c3 d5 4. exd5 Qxd5 5. d4 e6 6. Be2 Nf6 7. Nbd2 cxd4 8.
cxd4 Nc6 9. Nb3 Bb4+ 10. Bd2 Bxd2+ 11. Qxd2 b6 12. O-O Bb7 13. Rac1 O-O 14. Bc4
Qd6 15. a3 Ne7 16. Ne5 Nc6 17. Qf4 Nd5 18. Bxd5 Qxd5 19. Nxc6 Bxc6 20. Qg3 Rfc8
21. Rc3 Ba4 22. Nd2 Qxd4 23. Qd3 Qxd3 24. Rxd3 Bb5 25. Rb3 Bxf1 26. Nxf1 Rc6
27. Rd3 Kf8 28. h3 Ke7 29. Ne3 Rd8 30. Rb3 Rd2 31. Nf1 Rc1 32. Rc3 Rxc3 33.
Nxd2 Rc2 34. Ne4 Rxb2 35. a4 Ra2 36. Nc3 Ra3 37. Nb5 Rxa4 38. Nc3 Rb4 39. Kf1
a5 40. Ke1 a4 41. Kd1 a3 42. Kc2 Rb2+ 43. Kc1 Rxf2 44. Kb1 Rxg2 45. Nb5 a2+ 46.
Ka1 Rh2 47. Nc3 f5 48. Nxa2 Rxa2+ 49. Kxa2 f4 50. Kb1 f3 51. Kc1 f2 0-1

[Event "Ì11Â"]
[Site "Loo"]
[Date "2017.04.26"]
[Round "7.1"]
[White "Ïèíãèí, Àðòåì."]
[Black "Äóäàðåâ, Âëàäèñëàâ."]
[Result "0-1"]
[WhiteElo "1576"]
[BlackElo "2051"]
[PlyCount "76"]
[EventDate "2017.04.20"]

1. e4 c5 2. Nf3 d6 3. d4 cxd4 4. Nxd4 Nf6 5. Nc3 g6 6. Be3 Bg7 7. f3 O-O 8. Qd2
Nc6 9. O-O-O d5 10. exd5 Nxd5 11. Nxc6 bxc6 12. Bd4 e5 13. Bc5 Be6 14. Ne4 Re8
15. Bc4 Qc7 16. Bb3 Red8 17. Qf2 Qa5 18. Kb1 Nf4 19. Be7 Bxb3 20. axb3 Rd5 21.
Rhe1 Re8 22. Bf6 Re6 23. Bxg7 Kxg7 24. g3 Nh5 25. Qe2 Nf6 26. h4 Nxe4 27. fxe4
Rxd1+ 28. Rxd1 c5 29. c3 Qb6 30. Qc4 Rf6 31. Qd5 c4 32. Qxe5 cxb3 33. c4 Qe3
34. c5 Qe2 35. Qd4 Kh6 36. Rc1 Rf1 37. Qc3 Qxe4+ 38. Ka1 Qa4+ 0-1

[Event "Ì11Â"]
[Site "Loo"]
[Date "2017.04.26"]
[Round "7.2"]
[White "Ëûñöîâ, Ëåîíèä."]
[Black "Âåòîõèí, Ñàââà."]
[Result "1-0"]
[WhiteElo "1864"]
[BlackElo "1657"]
[PlyCount "127"]
[EventDate "2017.04.20"]

1. g3 Nf6 2. Bg2 g6 3. Nf3 Bg7 4. c4 d6 5. Nc3 O-O 6. O-O c5 7. d3 Nc6 8. a3 e5
9. Rb1 a5 10. Bd2 Nd7 11. Nb5 Nb6 12. b4 e4 13. Ne1 exd3 14. exd3 axb4 15. axb4
Na4 16. Nc2 Bf5 17. Bf4 Nb2 18. Rxb2 Bxb2 19. Bxd6 Re8 20. bxc5 Be5 21. Nc7
Bxd6 22. cxd6 Qxd6 23. Nxe8 Rxe8 24. Bd5 Ne5 25. Re1 Rd8 26. d4 Nc6 27. Ne3 Bd7
28. Bxc6 Bxc6 29. d5 Bd7 30. Qd4 Re8 31. Rb1 Rb8 32. c5 Qc7 33. Qf4 Rc8 34.
Qxc7 Rxc7 35. Rc1 Kg7 36. d6 Rc8 37. Nd5 Be6 38. Ne7 Rd8 39. Rb1 Rd7 40. f4 Kf6
41. Kf2 g5 42. fxg5+ Kxg5 43. Ke3 h5 44. Kd4 h4 45. gxh4+ Kxh4 46. Nd5 Kg5 47.
Nc7 Bh3 48. Rxb7 Kf5 49. Rb2 Rd8 50. Rf2+ Kg6 51. Nd5 Be6 52. Nf4+ Kf6 53.
Nxe6+ Kxe6 54. Re2+ Kd7 55. Re7+ Kc6 56. Rxf7 Rh8 57. Rc7+ Kb5 58. Kd5 Rxh2 59.
Rb7+ Ka6 60. Kc6 Rh8 61. d7 Rg8 62. Kc7 Rg6 63. Rb6+ Ka7 64. Rxg6 1-0

[Event "Ì11Â"]
[Site "Loo"]
[Date "2017.04.26"]
[Round "7.3"]
[White "Øåêà, Íèêîëàé."]
[Black "Âîëêîâ, Ìàêñèì."]
[Result "1-0"]
[WhiteElo "1399"]
[BlackElo "1862"]
[PlyCount "95"]
[EventDate "2017.04.20"]

1. e4 e6 2. d4 d5 3. Nc3 dxe4 4. f3 Bd6 5. Be3 f5 6. fxe4 Ne7 7. e5 Bb4 8. Nf3
Nd5 9. Bd2 Bxc3 10. bxc3 O-O 11. Bd3 b6 12. O-O Bb7 13. Ng5 Qd7 14. Rf3 h6 15.
Nh3 Kh7 16. Rg3 Qf7 17. c4 Ne7 18. Nf4 g6 19. Rh3 Ng8 20. Bb4 Rd8 21. c3 Na6
22. Ba3 c5 23. Qb3 cxd4 24. c5 Nc7 25. cxb6 axb6 26. Bd6 Nd5 27. Nxd5 Bxd5 28.
c4 Bc6 29. Qxb6 Qd7 30. Qxd4 Qb7 31. Rb1 Qa7 32. Qxa7+ Rxa7 33. a3 Ne7 34. Be2
Nc8 35. Bc5 Ra5 36. Be3 Rxe5 37. Bxh6 Kg8 38. Bg5 Re8 39. Bf3 Bxf3 40. gxf3 Rc5
41. Rb7 Nd6 42. Rbh7 Nf7 43. Bf6 Kf8 44. Rg7 f4 45. Rhh7 Rh5 46. Rxf7+ Kg8 47.
Rhg7+ Kh8 48. Rxg6# 1-0

[Event "Ì11Â"]
[Site "Loo"]
[Date "2017.04.26"]
[Round "7.4"]
[White "Êîëåñîâ, Ãîðäåé."]
[Black "Êðèâåíêî, Äìèòðèé."]
[Result "1-0"]
[WhiteElo "1619"]
[BlackElo "1659"]
[PlyCount "117"]
[EventDate "2017.04.20"]

1. d4 Nf6 2. c4 c5 3. d5 e5 4. Nc3 d6 5. e4 Nbd7 6. Bd3 Be7 7. Nf3 O-O 8. O-O
Ne8 9. Ne1 Bg5 10. g3 Bxc1 11. Qxc1 g6 12. Qc2 Ng7 13. Ng2 f5 14. f4 fxe4 15.
Nxe4 Nf5 16. Ng5 Nd4 17. Qd2 exf4 18. gxf4 Nb6 19. Rae1 Bd7 20. b3 Re8 21.
Rxe8+ Bxe8 22. f5 gxf5 23. Bxf5 Nxf5 24. Rxf5 Bg6 25. Ne6 Qe7 26. Rg5 Nd7 27.
Ngf4 Ne5 28. Rg3 Qh4 29. Qf2 Qe7 30. Rg5 Kh8 31. h4 Rg8 32. Qg3 Bf7 33. Rxg8+
Bxg8 34. Kg2 Bxe6 35. Nxe6 Qf7 36. Nxc5 Qc7 37. Ne6 Qe7 38. Qg5 Qxg5+ 39. Nxg5
Kg7 40. Ne4 Nf7 41. Kg3 Kg6 42. Kf4 a6 43. b4 b6 44. a3 h5 45. a4 Ne5 46. Nxd6
Nd3+ 47. Ke4 Nxb4 48. Nc8 b5 49. cxb5 axb5 50. axb5 Kf6 51. b6 Kf7 52. b7 Na6
53. Ke5 Ke8 54. Na7 Kd7 55. Nc6 Kc7 56. b8=Q+ Nxb8 57. Nxb8 Kxb8 58. Kd6 Kc8
59. Ke7 1-0

[Event "Ì11Â"]
[Site "Loo"]
[Date "2017.04.26"]
[Round "7.5"]
[White "Ìàíåëþê, Äàíèèë."]
[Black "Ñàâåëüåâ, Èâàí."]
[Result "0-1"]
[WhiteElo "1976"]
[BlackElo "1478"]
[PlyCount "84"]
[EventDate "2017.04.20"]

1. e4 e5 2. Nf3 Nc6 3. Bb5 Nd4 4. Nxd4 exd4 5. O-O Bc5 6. d3 c6 7. Bc4 d6 8. c3
Ne7 9. b4 Bb6 10. Bb2 dxc3 11. Nxc3 O-O 12. Bb3 Bd4 13. Na4 Bxb2 14. Nxb2 Ng6
15. d4 Qg5 16. Qf3 Qf4 17. Qxf4 Nxf4 18. Rfe1 Be6 19. g3 Bxb3 20. axb3 Ne6 21.
Rad1 d5 22. exd5 cxd5 23. Re5 Rfd8 24. Na4 b6 25. Nc3 Nc7 26. f4 Kf8 27. Kf2 f6
28. Re2 Na6 29. b5 Rac8 30. Na2 Nb8 31. Nb4 Rc3 32. Nc6 Nxc6 33. bxc6 Rxc6 34.
Rde1 Rc3 35. Re7 Rdc8 36. Rb7 Rxb3 37. Kg2 Rc2+ 38. Kh3 Rbb2 39. Ree7 h5 40.
Rf7+ Ke8 41. Rbe7+ Kd8 42. Rd7+ Kc8 0-1

[Event "Ì11Â"]
[Site "Loo"]
[Date "2017.04.26"]
[Round "7.6"]
[White "Èâ÷åíêî, Àëåêñàíäð."]
[Black "Ïîðîøèí, Àëåêñàíäð."]
[Result "1/2-1/2"]
[WhiteElo "1664"]
[BlackElo "1664"]
[PlyCount "80"]
[EventDate "2017.04.20"]

1. e4 c6 2. d4 d5 3. e5 Bf5 4. h4 Qb6 5. g4 Bd7 6. c3 e6 7. Qc2 c5 8. Be3 Nc6
9. Nf3 Rc8 10. Qb3 cxd4 11. Qxb6 axb6 12. Bxd4 Bc5 13. Bd3 Bxd4 14. cxd4 Nb4
15. Kd2 Nh6 16. Rg1 b5 17. a3 Nxd3 18. Kxd3 Ke7 19. Nc3 Rc7 20. Na2 Rhc8 21.
Nb4 Ng8 22. Nd2 Ke8 23. Nb3 b6 24. Nc1 Ne7 25. Nca2 Rc4 26. h5 Kf8 27. f3 f6
28. f4 Be8 29. Rgf1 f5 30. g5 Bxh5 31. Rh1 Bg6 32. Rh2 Kf7 33. Nc3 Nc6 34. Nxc6
R8xc6 35. Nxb5 Rc1 36. Nd6+ Ke7 37. Rxc1 Rxc1 38. Rc2 Rxc2 39. Kxc2 Kd7 40. Kd2
Kc6 1/2-1/2

[Event "Ì11Â"]
[Site "Loo"]
[Date "2017.04.26"]
[Round "7.7"]
[White "Ñèìîíÿí, Ãðèãîðèé."]
[Black "Ìåäâåäåâ, Ìàòâåé."]
[Result "1-0"]
[WhiteElo "1937"]
[BlackElo "1605"]
[PlyCount "63"]
[EventDate "2017.04.20"]

1. e4 c6 2. d4 d5 3. exd5 cxd5 4. Bf4 Nc6 5. c3 Nf6 6. Bd3 Bg4 7. Qb3 Qc8 8.
Nd2 e6 9. Ngf3 Be7 10. h3 Bh5 11. O-O O-O 12. Rfe1 a6 13. a4 Re8 14. Rac1 Na5
15. Qc2 Nc4 16. Ne5 b5 17. axb5 axb5 18. Ra1 Qb7 19. Nb3 Qb6 20. Bg5 Bg6 21.
Bxf6 Bxd3 22. Nxd3 Bxf6 23. Nbc5 Be7 24. f4 Rec8 25. b4 Ra7 26. f5 exf5 27. Nf4
Rxa1 28. Rxa1 Bxc5 29. bxc5 Qf6 30. Nxd5 Qe6 31. Qxf5 Qe8 32. Qxc8 1-0

[Event "Ì11Â"]
[Site "Loo"]
[Date "2017.04.26"]
[Round "7.8"]
[White "Þøèí, Èãîðü."]
[Black "Ôîìêèí, Äìèòðèé."]
[Result "1/2-1/2"]
[WhiteElo "1801"]
[BlackElo "1579"]
[PlyCount "136"]
[EventDate "2017.04.20"]

1. d4 d5 2. c4 c6 3. Nc3 Nf6 4. Nf3 e6 5. e3 Be7 6. cxd5 exd5 7. Bd3 Bg4 8. O-O
O-O 9. Bd2 Nbd7 10. Rb1 Qc7 11. b4 Bd6 12. h3 Bh5 13. a4 Rfe8 14. Be2 Ne4 15.
Nxe4 dxe4 16. Nh4 Bxe2 17. Qxe2 Nf6 18. g4 Nd5 19. Rfc1 Qd7 20. Nf5 Bf8 21. Kg2
g6 22. Ng3 Bg7 23. b5 Rac8 24. bxc6 bxc6 25. a5 Bf8 26. a6 Nb6 27. Bb4 Bxb4 28.
Rxb4 Qd6 29. Rb2 c5 30. dxc5 Rxc5 31. Rd2 Qc6 32. Rxc5 Qxc5 33. Rd4 Qc6 34. Qd2
Na4 35. Qb4 Nc5 36. Qc4 Qb6 37. Rd5 Nxa6 38. Nxe4 Qe6 39. Rd4 Qxc4 40. Rxc4 Kg7
41. Ra4 Nc7 42. Rxa7 Rxe4 43. Rxc7 Re5 44. Kf3 h5 45. Kf4 Rb5 46. Rc4 hxg4 47.
hxg4 Rb2 48. f3 Rb5 49. g5 Rf5+ 50. Kg4 Re5 51. e4 Rb5 52. Rc2 Rb1 53. Rg2 Rb4
54. Kf4 Rb5 55. Re2 Rb3 56. e5 Rb4+ 57. Re4 Rb6 58. Rd4 Ra6 59. Ke4 Ra3 60. f4
Ra5 61. f5 gxf5+ 62. Kxf5 Ra1 63. Rf4 Ra5 64. Rf3 Rb5 65. Re3 Rb6 66. Re4 Ra6
67. Rh4 Ra1 68. Rf4 Ra5 1/2-1/2

[Event "Ì11Â"]
[Site "Loo"]
[Date "2017.04.26"]
[Round "7.9"]
[White "Õóáóêøàíîâ, Ýðäýì."]
[Black "Îãëîáëèí, Èëüÿ."]
[Result "1-0"]
[WhiteElo "1791"]
[BlackElo "1475"]
[PlyCount "83"]
[EventDate "2017.04.20"]

1. e4 e6 2. d4 d5 3. Nc3 dxe4 4. Nxe4 Bd7 5. Nf3 Bc6 6. Bd3 Nf6 7. Qe2 Be7 8.
O-O O-O 9. c3 Nbd7 10. Re1 Nb6 11. Neg5 h6 12. Nxe6 fxe6 13. Qxe6+ Kh8 14. Qxe7
Qxe7 15. Rxe7 Bxf3 16. gxf3 Nfd5 17. Re5 Nf4 18. Bxf4 Rxf4 19. Be4 c6 20. b3
Rf7 21. Re1 Raf8 22. Kg2 Nd7 23. Re6 Rf4 24. Kg3 R4f7 25. Re3 Nf6 26. Bg6 Rd7
27. Re7 Rd5 28. f4 Ra5 29. Rxb7 Kg8 30. Ree7 Rxa2 31. Rxg7+ Kh8 32. Rgf7 Rxf7
33. Rxf7 Nd5 34. f5 Nxc3 35. f6 Kg8 36. Rh7 Ne2+ 37. Kg4 h5+ 38. Kh4 Nxd4 39.
f7+ Kf8 40. Rh8+ Kg7 41. f8=Q+ Kxg6 42. Rh6# 1-0

[Event "Ì11Â"]
[Site "Loo"]
[Date "2017.04.26"]
[Round "7.10"]
[White "Êî÷åòîâ, Âëàäèñëàâ."]
[Black "Âîëêîâ, Èëüÿ."]
[Result "0-1"]
[WhiteElo "1648"]
[BlackElo "1404"]
[PlyCount "60"]
[EventDate "2017.04.20"]

1. e4 c5 2. Nf3 e6 3. g3 g6 4. Bg2 Bg7 5. O-O Nc6 6. c3 Nge7 7. d4 cxd4 8. cxd4
d6 9. Be3 O-O 10. Nc3 a6 11. a4 f5 12. d5 fxe4 13. dxc6 exf3 14. cxb7 Bxb7 15.
Bh3 Nf5 16. Qb3 Qe7 17. Rfe1 Rae8 18. Qb6 Nxe3 19. Rxe3 e5 20. Bf1 d5 21. Na2
d4 22. Bc4+ Kh8 23. Rb3 Ba8 24. Bxa6 e4 25. Nc1 e3 26. Nd3 e2 27. Ne1 Be5 28.
Qb4 Qd7 29. Bb5 Qh3 30. Bxe8 Qf1# 0-1

[Event "Ì11Â"]
[Site "Loo"]
[Date "2017.04.26"]
[Round "7.11"]
[White "Ïîíêðàòîâ, Àëåêñåé."]
[Black "Ïåòðîâñêèé, Íèêèòà."]
[Result "0-1"]
[WhiteElo "1391"]
[BlackElo "1583"]
[PlyCount "126"]
[EventDate "2017.04.20"]

1. e4 c5 2. Nf3 d6 3. Bb5+ Nd7 4. d3 a6 5. Bxd7+ Bxd7 6. Be3 Nf6 7. O-O e6 8.
Re1 Be7 9. Nc3 O-O 10. d4 cxd4 11. Nxd4 b5 12. a3 Qc7 13. Qd3 Rac8 14. Rac1 Ng4
15. h3 Nxe3 16. Qxe3 Bf6 17. Red1 Rfd8 18. Kh1 h6 19. f4 Qc5 20. Qd3 Be8 21.
Nde2 Qc7 22. Rb1 Bc6 23. Rbc1 Bb7 24. Qg3 Qc5 25. Rd3 a5 26. Rd2 b4 27. axb4
axb4 28. Na4 Qb5 29. b3 Bxe4 30. Qe3 Ba8 31. Nd4 Qb7 32. Qe2 Bxd4 33. Rxd4 e5
34. fxe5 dxe5 35. Rxd8+ Rxd8 36. Nb2 f6 37. Rg1 Qd7 38. Kh2 Bd5 39. Rd1 Qc7 40.
Kh1 Qc3 41. Na4 Qxh3+ 42. Kg1 Qd7 43. Qd2 Bc6 44. Qxd7 Rxd7 45. Rxd7 Bxd7 46.
Nc5 Bf5 47. Na6 Bxc2 48. Nxb4 Bxb3 49. Kf2 Kf7 50. Ke3 f5 51. g3 Kf6 52. Kf3 g5
53. Ke3 h5 54. Kf3 h4 55. gxh4 gxh4 56. Kf2 Kg5 57. Na6 f4 58. Nc5 Bd5 59. Nd3
h3 60. Kg1 e4 61. Nf2 Kh4 62. Kh2 e3 63. Nd3 f3 0-1

[Event "Ì11Â"]
[Site "Loo"]
[Date "2017.04.26"]
[Round "7.12"]
[White "Èñìàãèëîâ, Èãîðü."]
[Black "Åðìàêîâ, Ìàêñèì."]
[Result "0-1"]
[WhiteElo "1853"]
[BlackElo "1429"]
[PlyCount "134"]
[EventDate "2017.04.20"]

1. d4 d5 2. Bf4 e6 3. e3 Bd6 4. Bg3 Bxg3 5. hxg3 Qd6 6. c3 Nf6 7. Nd2 Nbd7 8.
Ngf3 O-O 9. Bd3 e5 10. dxe5 Nxe5 11. Nxe5 Qxe5 12. Nf3 Qe7 13. Qc2 h6 14. O-O
b6 15. Nd4 c5 16. Nf5 Bxf5 17. Bxf5 Qe5 18. Rad1 Rfe8 19. Rfe1 g6 20. Bd3 Kg7
21. f4 Qh5 22. Be2 Ng4 23. Bxg4 Qxg4 24. Rxd5 Qxg3 25. Qf2 Qg4 26. Red1 Re7 27.
f5 gxf5 28. Rf1 f4 29. Qxf4 Qxf4 30. Rxf4 Rae8 31. Rdf5 Rd8 32. Rg4+ Kh7 33. e4
Rd1+ 34. Rf1 Rxf1+ 35. Kxf1 h5 36. Rf4 Kg6 37. Ke2 f5 38. Kf3 fxe4+ 39. Rxe4
Rxe4 40. Kxe4 Kg5 41. Kf3 h4 42. c4 a5 43. b3 Kf5 44. a3 Kg5 45. Ke3 Kg4 46.
Ke2 a4 47. bxa4 Kf4 48. Kd3 Kg3 49. Ke4 Kxg2 50. Kd5 h3 51. Kc6 h2 52. Kxb6
h1=Q 53. Kxc5 Qh5+ 54. Kb6 Qd1 55. a5 Qb3+ 56. Ka7 Qxa3 57. a6 Kf3 58. Kb7 Qb4+
59. Ka8 Ke4 60. a7 Ke5 61. c5 Kd5 62. c6 Qf8+ 63. Kb7 Qb4+ 64. Ka8 Qg4 65. Kb7
Qg7+ 66. Kb8 Kxc6 67. a8=N Qb7# 0-1

[Event "Ì11Â"]
[Site "Loo"]
[Date "2017.04.26"]
[Round "7.13"]
[White "Òàðàñåíêî, ßðîñëàâ."]
[Black "Ãàøåâ, Ìàòâåé."]
[Result "1/2-1/2"]
[WhiteElo "1629"]
[BlackElo "1582"]
[PlyCount "153"]
[EventDate "2017.04.20"]

1. e4 c6 2. Nc3 d5 3. Qf3 dxe4 4. Nxe4 Nf6 5. c3 Nxe4 6. Qxe4 Qd5 7. Qxd5 cxd5
8. Nf3 a6 9. g3 Bf5 10. Bg2 e6 11. d4 Nc6 12. O-O Bd6 13. Re1 O-O 14. Ne5 Nxe5
15. dxe5 Bc5 16. Be3 Bxe3 17. Rxe3 b5 18. Ree1 Rfc8 19. Rec1 Rc7 20. a4 Rac8
21. axb5 axb5 22. Bf1 b4 23. c4 h6 24. b3 dxc4 25. Rxc4 Rxc4 26. Bxc4 Kh7 27.
Ra7 Kg6 28. Rb7 Rd8 29. Rxb4 Rd1+ 30. Kg2 Be4+ 31. Kh3 Rg1 32. Be2 Bb1 33. Rd4
h5 34. Bd3+ Kh6 35. Bxb1 Rxb1 36. Rb4 g5 37. Rb5 Rg1 38. f3 Kg6 39. g4 hxg4+
40. fxg4 Rf1 41. b4 Rf4 42. Kg3 Re4 43. Kf3 f5 44. gxf5+ Kxf5 45. h3 Rh4 46.
Kg3 Rf4 47. Kg2 Ke4 48. Ra5 Rf5 49. Kg3 Kd4 50. Rc5 Rf4 51. Kg2 Rf5 52. Kg3 Rf4
53. Ra5 Rf5 54. Kg4 Kc4 55. Ra1 Kxb4 56. Re1 Kc5 57. h4 gxh4 58. Kxh4 Kd5 59.
Rd1+ Kxe5 60. Re1+ Kf6 61. Kg4 e5 62. Re4 Rg5+ 63. Kf3 Kf5 64. Ra4 Rg6 65. Ra8
e4+ 66. Ke3 Rg3+ 67. Kf2 Rf3+ 68. Ke2 Rb3 69. Rf8+ Kg6 70. Rg8+ Kf7 71. Rg4 e3
72. Rg3 Rb2+ 73. Kxe3 Rb3+ 74. Kf2 Rb2+ 75. Ke3 Kf6 76. Rf3+ Ke5 77. Rf8
1/2-1/2

[Event "Ì11Â"]
[Site "Loo"]
[Date "2017.04.26"]
[Round "7.14"]
[White "Ôîìèí, Íèêèòà."]
[Black "Îñíîâèí, Åãîð."]
[Result "1-0"]
[WhiteElo "1612"]
[BlackElo "1512"]
[PlyCount "53"]
[EventDate "2017.04.20"]

1. e4 c5 2. Nf3 Nc6 3. d4 cxd4 4. Nxd4 g6 5. Nc3 Bg7 6. Be3 Nf6 7. Nxc6 bxc6 8.
e5 Ng8 9. Bd4 f6 10. f4 fxe5 11. fxe5 Nh6 12. e6 Nf5 13. Bxg7 Nxg7 14. exd7+
Bxd7 15. Bc4 Be6 16. Bxe6 Nxe6 17. Qg4 Ng7 18. O-O Qb6+ 19. Kh1 Qxb2 20. Qd4
Rg8 21. Qc4 e6 22. Qxc6+ Ke7 23. Qc7+ Ke8 24. Rad1 Nf5 25. Nd5 exd5 26. Rde1+
Kf8 27. Qe7# 1-0

[Event "Ì11Â"]
[Site "Loo"]
[Date "2017.04.26"]
[Round "7.15"]
[White "Ãðóíèí, Äåíèñ."]
[Black "Ñîëîíåíêî, Ìàêñèì."]
[Result "1-0"]
[WhiteElo "1556"]
[BlackElo "1598"]
[PlyCount "127"]
[EventDate "2017.04.20"]

1. e4 d6 2. d4 Nf6 3. Nc3 c6 4. Nf3 Bg4 5. h3 Bxf3 6. Qxf3 e6 7. Bg5 Be7 8. Bd3
d5 9. e5 Nfd7 10. Bxe7 Qxe7 11. Qg3 O-O 12. O-O Qb4 13. Ne2 c5 14. Qe3 cxd4 15.
Nxd4 Nc6 16. Nxc6 bxc6 17. f4 c5 18. c3 Qb7 19. b3 Rfe8 20. a4 Rab8 21. Rfc1
Kh8 22. Rab1 Rec8 23. Kh2 Qb6 24. Qe2 Nf8 25. Ba6 Rc7 26. Qb5 Ng6 27. Kg3 Ne7
28. Qxb6 Rxb6 29. Be2 Nf5+ 30. Kf2 Rcb7 31. b4 cxb4 32. cxb4 h6 33. Bd3 g6 34.
b5 Rb8 35. a5 R6b7 36. a6 Rb6 37. Rc7 Ra8 38. Rxf7 Kg8 39. Rd7 Rbb8 40. Rc1 Rd8
41. Rcc7 Rxd7 42. Rxd7 Kf8 43. Bxf5 gxf5 44. Rb7 Ke8 45. Ke3 Kd8 46. Kd4 Kc8
47. Kc5 h5 48. Kd6 Rb8 49. Rh7 Rb6+ 50. Kc5 d4 51. Kxd4 Rxb5 52. Rxa7 Ra5 53.
Kc4 Kb8 54. Rb7+ Kc8 55. Rb6 Kd7 56. Rd6+ Ke7 57. Kb4 Ra1 58. Kb5 Ra2 59. Kb6
Rb2+ 60. Kc7 Ra2 61. Kb7 Rb2+ 62. Rb6 Rd2 63. a7 Rd7+ 64. Ka6 1-0

[Event "Ì11Â"]
[Site "Loo"]
[Date "2017.04.26"]
[Round "7.16"]
[White "Ìàêîâ, Àðòåì."]
[Black "Òþãàøåâ, Ãðèãîðèé."]
[Result "1-0"]
[WhiteElo "1604"]
[BlackElo "1524"]
[PlyCount "129"]
[EventDate "2017.04.20"]

1. d4 Nf6 2. Nf3 e6 3. Bf4 b6 4. e3 Bb7 5. Nbd2 Ne4 6. Bd3 f5 7. Ne5 Nf6 8. O-O
d6 9. Nef3 Be7 10. Qe2 O-O 11. e4 fxe4 12. Nxe4 Nxe4 13. Bxe4 d5 14. Bd3 Rxf4
15. Qxe6+ Kh8 16. Ne5 Qe8 17. Qh3 Rh4 18. Qe3 a6 19. Rfe1 Nc6 20. Nxc6 Qxc6 21.
Qxe7 Rxd4 22. Qe3 Rh4 23. Qg3 Qh6 24. Qxc7 Bc6 25. f3 b5 26. Re2 Rf8 27. Qg3
Rh5 28. Rae1 Qf6 29. Re6 Qd4+ 30. Qf2 Qxf2+ 31. Kxf2 Bd7 32. Rd6 Bc8 33. h3 Kg8
34. Re7 Kh8 35. Rc6 Rg5 36. Rcc7 Rg8 37. f4 Rh5 38. Kf3 Rh6 39. c3 Rd6 40. Bc2
d4 41. cxd4 Rxd4 42. Bb3 Rgd8 43. Rxg7 Bf5 44. Rge7 Rd3+ 45. Kf2 Rd2+ 46. Re2
R2d4 47. g3 Bxh3 48. Rce7 Bg4 49. Re8+ Kg7 50. R2e7+ Kh6 51. Rxd8 Rxd8 52. Ke3
Bf5 53. Re5 Bh3 54. Bc2 Rd7 55. Bd3 Bg4 56. Re8 Ra7 57. f5 Rf7 58. Kf4 Kh5 59.
Re1 Kh6 60. Kxg4 Kg7 61. Kg5 h6+ 62. Kf4 Rf6 63. Re6 Rxe6 64. fxe6 Kf6 65. Bf5
1-0

[Event "Ì11Â"]
[Site "Loo"]
[Date "2017.04.26"]
[Round "7.17"]
[White "Ãîäæóðîâ, Ëèäæè."]
[Black "Âëàñîâ, Äìèòðèé."]
[Result "1-0"]
[WhiteElo "1587"]
[BlackElo "1304"]
[PlyCount "63"]
[EventDate "2017.04.20"]

1. Nf3 d5 2. g3 Nf6 3. Bg2 Bg4 4. Ne5 e6 5. d4 Bd6 6. Nxg4 Nxg4 7. e4 h5 8. h3
Nh6 9. O-O c6 10. Qxh5 Be7 11. exd5 cxd5 12. c4 Nc6 13. cxd5 Nxd4 14. dxe6 Nxe6
15. Qb5+ Kf8 16. Be3 b6 17. Bxa8 Qxa8 18. Nc3 Ng8 19. Qd5 Qxd5 20. Nxd5 Rxh3
21. Kg2 Rh5 22. Nxe7 Kxe7 23. Rac1 Rb5 24. b3 Ra5 25. a4 Rd5 26. Rfd1 Rh5 27.
Bf4 Rf5 28. Rc8 Nxf4+ 29. gxf4 Nf6 30. Rc7+ Ke6 31. Rc4 Nh5 32. Re4+ 1-0

[Event "Ì11Â"]
[Site "Loo"]
[Date "2017.04.26"]
[Round "7.18"]
[White "Òàíäåëîâ, Àðñåíèé."]
[Black "Æóðàâëåâ, Àðòåì."]
[Result "1/2-1/2"]
[WhiteElo "1305"]
[BlackElo "1501"]
[PlyCount "80"]
[EventDate "2017.04.20"]

1. e4 e6 2. d3 d5 3. Nd2 c5 4. Ngf3 Nc6 5. g3 Nf6 6. Bg2 Be7 7. O-O O-O 8. Re1
Bd7 9. Nf1 d4 10. h4 h6 11. N1h2 e5 12. Kh1 Ng4 13. Rf1 Be6 14. Ne1 Qd7 15. f3
Nxh2 16. Kxh2 Bd6 17. Rh1 Ne7 18. g4 Ng6 19. Kg1 b5 20. g5 h5 21. Bf1 Rfc8 22.
Be2 Nf4 23. Ng2 Nxe2+ 24. Qxe2 c4 25. f4 Bg4 26. Qf1 exf4 27. Bxf4 Bxf4 28.
Nxf4 cxd3 29. Qxd3 Rc4 30. Nd5 Rac8 31. Rc1 Qe8 32. Rh2 Qe5 33. Rf2 Re8 34. Re1
Rc5 35. Nf4 Rc4 36. Nd5 Rc5 37. Nf4 Rc4 38. Nd5 Rc5 39. Nf4 Rc4 40. Nd5 Rc5
1/2-1/2

[Event "Ì11Â"]
[Site "Loo"]
[Date "2017.04.26"]
[Round "7.19"]
[White "Àëåêñååâ, Àíäðåé."]
[Black "Ãóáàðåâ, Âëàäèñëàâ."]
[Result "1-0"]
[WhiteElo "1257"]
[BlackElo "1399"]
[PlyCount "68"]
[EventDate "2017.04.20"]

1. e4 c5 2. Nc3 Nc6 3. g3 g6 4. Bg2 Bg7 5. Nge2 Nf6 6. h3 d6 7. d3 h6 8. O-O
O-O 9. f4 Rb8 10. g4 e5 11. f5 g5 12. Qe1 Nd4 13. Nxd4 cxd4 14. Ne2 d5 15. Bf3
dxe4 16. dxe4 d3 17. cxd3 Qxd3 18. Nc3 Qd6 19. Be3 a6 20. h4 gxh4 21. Qxh4 Nh7
22. Kg2 Qf6 23. Qh2 Ng5 24. Nd5 Qd8 25. Bb6 Nxf3 26. Rxf3 Qg5 27. Kg3 Bd7 28.
Be3 Qd8 29. f6 Bh8 30. Ne7+ Qxe7 31. fxe7 Rfe8 32. Qxh6 Rxe7 33. Qg5+ Kf8 34.
Bc5 f6 1-0

[Event "Ì11Â"]
[Site "Loo"]
[Date "2017.04.26"]
[Round "7.21"]
[White "Ïîíîìàðåâ, Âñåâîëîä."]
[Black "Áóãàåö, Äàíèèë."]
[Result "1/2-1/2"]
[WhiteElo "1343"]
[BlackElo "1418"]
[PlyCount "152"]
[EventDate "2017.04.20"]

1. e4 e5 2. Nf3 Nc6 3. Bb5 a6 4. Ba4 Nf6 5. O-O Be7 6. Re1 b5 7. Bb3 O-O 8. c3
d5 9. exd5 Nxd5 10. Nxe5 Nxe5 11. Rxe5 c6 12. d4 Bd6 13. Re1 Qh4 14. g3 Qh3 15.
Re4 Qf5 16. Rh4 Nf6 17. Bc2 Qe6 18. Bg5 g6 19. Nd2 Bb7 20. Qf3 Nd5 21. Bb3 Qf5
22. Qxf5 gxf5 23. Bxd5 cxd5 24. Rh6 Bc7 25. Nb3 Rfe8 26. Nc5 Bc8 27. Kf1 Kg7
28. Rc6 Bb8 29. a4 bxa4 30. Rxa4 Kg8 31. Ra3 a5 32. b4 a4 33. Rxa4 Rxa4 34.
Nxa4 Bd7 35. Rc5 Bxa4 36. Rxd5 Bc2 37. Rd8 Bd3+ 38. Kg2 Rxd8 39. Bxd8 Bc4 40.
Kf3 Kf8 41. h3 Ke8 42. Bg5 h5 43. Bf4 Bxf4 44. Kxf4 f6 45. Kxf5 Kf7 46. g4 hxg4
47. hxg4 Bd3+ 48. Kf4 Ke6 49. g5 fxg5+ 50. Kxg5 Bc4 51. f4 Bd3 52. f5+ Bxf5 53.
b5 Be4 54. c4 Kd6 55. Kf6 Bd3 56. c5+ Kd5 57. b6 Ba6 58. Ke7 Kc6 59. Kd8 Bb7
60. Ke7 Bc8 61. Kf6 Ba6 62. Ke5 Bc4 63. Ke4 Bd5+ 64. Kd3 Be6 65. Kc3 Bc8 66.
Kc4 Be6+ 67. Kb4 Bc8 68. Kc3 Be6 69. Kd3 Bc8 70. Ke3 Be6 71. Kf4 Bd5 72. Ke5
Bc4 73. b7 Kxb7 74. Kd6 Kc8 75. Kc6 Be6 76. Kd6 Bc4 1/2-1/2

[Event "Ì11Â"]
[Site "Loo"]
[Date "2017.04.26"]
[Round "7.24"]
[White "ßêóøêîâ, Ïàâåë."]
[Black "Òîìîâ, Åâãåíèé."]
[Result "1-0"]
[WhiteElo "1404"]
[BlackElo "1336"]
[PlyCount "151"]
[EventDate "2017.04.20"]

1. d4 c5 2. e3 cxd4 3. exd4 d5 4. Bf4 e6 5. c3 Nf6 6. Nf3 Nc6 7. Nbd2 Bd6 8.
Bxd6 Qxd6 9. Bb5 Bd7 10. Bxc6 bxc6 11. b4 O-O 12. Ne5 a5 13. a3 axb4 14. cxb4
Qe7 15. O-O Ra7 16. Nb3 Rfa8 17. Na5 Rc7 18. f3 Ne8 19. Qe2 f6 20. Nd3 Nd6 21.
Nc5 Nf5 22. Ncb3 Qd6 23. Rfc1 Re8 24. Qc2 Rec8 25. Qd2 e5 26. Rc5 exd4 27. Nxd4
Nxd4 28. Qxd4 Qe5 29. Rd1 Qxd4+ 30. Rxd4 Kf8 31. Kf2 Ke7 32. Ke2 g5 33. g3 h6
34. h4 f5 35. hxg5 hxg5 36. Kf2 Ke6 37. f4 g4 38. Rd3 Kf6 39. Rdc3 Ke6 40. b5
Ra7 41. b6 Ra6 42. Nxc6 Rxc6 43. Rxc6+ Bxc6 44. Rxc6+ Kd7 45. b7 Rxc6 46. b8=N+
Kc7 47. Nxc6 Kxc6 48. Ke3 Kc5 49. Kd3 d4 50. a4 Kb4 51. Kxd4 Kxa4 52. Ke5 Kb5
53. Kxf5 Kc6 54. Kxg4 Kd7 55. f5 Ke7 56. Kf4 Kf6 57. g4 Kf7 58. g5 Kg7 59. f6+
Kg6 60. Ke5 Kf7 61. Kf5 Kf8 62. g6 Kg8 63. f7+ Kf8 64. Kg5 Kg7 65. Kh5 Kf8 66.
Kh6 Ke7 67. Kg7 Ke6 68. f8=Q Ke5 69. Kh6 Ke6 70. g7 Ke5 71. g8=R Ke6 72. Rg5
Kd7 73. Qf7+ Kd6 74. Qf6+ Kd7 75. Rg7+ Ke8 76. Qe7# 1-0

[Event "Ì11Â"]
[Site "Loo"]
[Date "2017.04.26"]
[Round "7.25"]
[White "Äðîçäîâ, Ìàêñèì."]
[Black "Ñóëåéìàíîâ, Ýìèðëàí."]
[Result "1-0"]
[WhiteElo "1385"]
[BlackElo "1336"]
[PlyCount "125"]
[EventDate "2017.04.20"]

1. Nf3 Nf6 2. g3 g6 3. Bg2 Bg7 4. O-O d6 5. d3 O-O 6. e4 e5 7. Nbd2 Nbd7 8. a4
Ne8 9. Nc4 f5 10. exf5 gxf5 11. Ne1 f4 12. c3 Qf6 13. Qf3 fxg3 14. fxg3 Qxf3
15. Nxf3 Nc5 16. d4 exd4 17. Nxd4 Rxf1+ 18. Kxf1 Bxd4 19. cxd4 Nb3 20. Bd5+ Kh8
21. Nb6 Bh3+ 22. Kf2 axb6 23. Bxb3 Kg7 24. Bf4 c5 25. dxc5 bxc5 26. Rd1 Rd8 27.
Bd5 Rd7 28. Bc4 Rd8 29. Bb5 Nc7 30. Bxd6 Kf7 31. Be2 Ne8 32. Bxc5 Rxd1 33. Bxd1
Nf6 34. Bf3 Bc8 35. Bd4 Ng4+ 36. Bxg4 Bxg4 37. Ke3 Ke6 38. Kf4 Bd1 39. a5 Kd5
40. Bc3 Ke6 41. Kg5 Kf7 42. Kh6 Bc2 43. h4 Ke6 44. g4 Ke7 45. Kg7 Ke6 46. g5
Bg6 47. Kh6 Kf7 48. h5 Bc2 49. Bd4 Bb1 50. b4 Bd3 51. Bc3 Be2 52. g6+ hxg6 53.
hxg6+ Kg8 54. g7 Bb5 55. Kg6 Bd3+ 56. Kf6 Bc4 57. Ke7 Bb5 58. Kd6 Bc6 59. Kc7
Kh7 60. Kb6 Kg8 61. b5 Bxb5 62. Kxb5 Kf7 63. Kb6 1-0